| 000 | 00821nam a22002655i 4500 | ||
|---|---|---|---|
| 001 | 17790294 | ||
| 005 | 20140929091628.0 | ||
| 008 | 130625s2014 cau 000 0 eng | ||
| 010 | _a 2013943691 | ||
| 020 | _a9781446267868 (hardcover : alk. paper) | ||
| 020 | _a9781446267875 (pbk. : alk. paper) | ||
| 040 |
_aDLC _beng _erda _cDLC |
||
| 042 | _apcc | ||
| 050 |
_aLB 1139.27 _b.N976 2014 |
||
| 100 | 1 | _aNutbrown, Cathy. | |
| 245 | 1 | 0 |
_aEarly childhood education : _bhistory, philosophy and experience / _cCathy Nutbrown, Peter Clough. |
| 250 | _a2nd edition. | ||
| 260 |
_aLondon : _bSAGE Publication Ltd., _cc2014. |
||
| 263 | _a1402 | ||
| 300 |
_a203 pages : _c24 cm. |
||
| 521 | _aEducation | ||
| 906 |
_a0 _bibc _corignew _d2 _eepcn _f20 _gy-gencatlg |
||
| 942 |
_2lcc _cBK _kFOR |
||
| 999 |
_c275917 _d275917 |
||